000 00833nam a22002777a 4500
001 00260
003 DO-SdBNP
005 20180403094510.0
008 151124b 2004 es xxu||||| |||| 00| 0 spa d
020 _a9992322306
040 _aBPMSU
_bspa
_cBPMSU
092 _aXXXXX
_bXXXXX
100 1 _aAugspurg Meza, Ana Sylvia
245 1 0 _aBusy Bee C /
_cTiti A. de Escolán, Ana Sylvia Augspurg Meza ; ilustración Ricardo Grijalva.
250 _a3e ed.
260 _a San Salvador, El Salvador :
_bMontañas de Fuego,
_c2004
300 _a173 p. :
_bil. ;
_c30 cm.
490 1 _aBusy bee
_v 3
700 1 2 _aEscolán,Titi A. de
700 _aGrijalva, Ricardo,
_eil.
830 0 _aBusy bee
_n3
910 _a00260
942 _2ddc
_cBK
945 _aInvetariado extranjero / 2018 VM
956 _aLorenza Pérez
_b10
999 _c8896
_d8896